| 000 | 01254cam a2200229 4500 | ||
|---|---|---|---|
| 001 | ABS68698 | ||
| 008 | 050304n2005 000 0 eng u | ||
| 035 | _a(Sirsi) u128946 | ||
| 100 | _aWalker, D. | ||
| 245 | _aComplying with regulations | ||
| 260 | _c2005 | ||
| 490 |
_aBuilding Control _v March 2005, 17-19(3) |
||
| 520 | _aExamines the Building (Scotland) Act 2003 which will soon replace legislation controlling the construction of buildings in Scotland. In 1992 regulations permitting the self-certification of structural design were introduced but the self certification option will be removed by the new regulations. The Act introduces the option of certification of compliance with the Building (Scotland) Regulations 2004. This certification is rooted in the principle that suitably qualified and experienced building professionals can be made responsible for ensuring compliance with the Building Regulations. All legislation and guidance is published online at www.sbsa.gov.uk. | ||
| 590 | _aABS | ||
| 650 | _aCERTIFIERS | ||
| 650 | _aVERIFIERS | ||
| 650 | _aBUILDING (SCOTLAND) ACT 2003 | ||
| 650 | _aBUILDING (SCOTLAND) REGULATIONS 2004 | ||
| 650 | _aSCOTLAND | ||
| 690 | _aBUILT ENVIRONMENT-BUILDING STANDARDS | ||
| 942 | _n0 | ||
| 999 |
_c74880 _d74880 |
||